Introducción al derecho penal juvenil
সংরক্ষণ করুন:
| প্রধান লেখক: | |
|---|---|
| বিন্যাস: | গ্রন্থ |
| ভাষা: | স্প্যানিশ |
| প্রকাশিত: |
Santiago
Librotecnia
2010
|
| সংস্করন: | 1a. ed |
| মালা: | Colección de Estudios Penales Seminario Antón Oneca, 1
|
| বিষয়গুলি: | |
| ট্যাগগুলো: |
ট্যাগ যুক্ত করুন
কোনো ট্যাগ নেই, প্রথমজন হিসাবে ট্যাগ করুন!
|
MARC
| LEADER | 00000cam a2200000 a 4500 | ||
|---|---|---|---|
| 001 | UCG8628 | ||
| 003 | CL-VaPUC | ||
| 008 | 111223e20100200CL |||||||||||||||||spa|d | ||
| 020 | |a 9789563270150 | ||
| 082 | 0 | 4 | |a 345.8304 |b DIA |2 21 |
| 100 | 0 | |a Díaz Cortés, Lina Mariola |e author |9 559731 | |
| 245 | 1 | 0 | |a Introducción al derecho penal juvenil |
| 250 | |a 1a. ed | ||
| 300 | |a 359 p | ||
| 942 | |c BK | ||
| 945 | |d 20111223 00:00:00 |a dcastane | ||
| 260 | |a Santiago |b Librotecnia |c 2010 | ||
| 650 | 7 | |a RESPONSABILIDAD PENAL JUVENIL |2 CL-VaPUC |9 523795 | |
| 650 | 7 | |a DERECHO PENAL |2 CL-VaPUC |9 11 | |
| 650 | 7 | |a CODIGO DE PROCEDIMIENTO PENAL |2 CL-VaPUC |9 256474 | |
| 583 | |a last modification |c 20111223 12:06:00 |k Rodrigo Vera | ||
| 490 | 0 | |a Colección de Estudios Penales Seminario Antón Oneca, 1 | |
| 999 | |c 346232 |d 346230 | ||
| 952 | |0 0 |1 0 |4 0 |6 345_830400000000000_DIA_2010 |7 0 |8 A |9 446849 |a BIBDER |b BIBDER |d 2019-11-22 |i 4816145 |l 4 |m 2 |o 345.8304 DIA 2010 |p 4816145 |r 2023-01-25 |s 2021-09-20 |w 2019-11-22 |y BK |k DER | ||